|
|
|
|
| LEADER |
00932nab#a2200325#ar4500 |
| 001 |
000012521 |
| 003 |
SVKKK |
| 005 |
00000000000000.0 |
| 008 |
c xo e sloo |
| FMT |
|
|
|
| 038 |
|
|
|a SVKKK
|
| 040 |
|
|
|a SVKKK
|b slo
|e AACR2
|
| 041 |
0 |
|
|a slo
|
| 044 |
|
|
|a xo
|c SK
|
| 080 |
|
|
|a 79
|2 1981
|
| 100 |
1 |
|
|a Ducáková, Katarína
|4 aut
|
| 245 |
1 |
0 |
|a Začiatok v neštandardnej situácii :
|b Nová sezóna v Divadle Jonáša Záborského v Prešove
|c Ducáková Katarína ... [et al.]
|
| 300 |
|
|
|b Fotogr. 1
|
| 650 |
0 |
4 |
|a Divadlo Jonáša Záborského, Prešov
|x sezóna 1995/96
|x programy pripravované
|x rozhovory
|
| 700 |
1 |
|
|a Baran, Jozef
|4 aut
|
| 700 |
1 |
|
|a Fejko, Štefan
|4 aut
|
| 773 |
0 |
|
|t Slovenská republika
|g Roč. 2, č. 214(1995), dát. 0916, s. 7
|
| 957 |
|
|
|a Prešov
|
| 958 |
|
|
|a PO
|
| 958 |
|
|
|a RE
|
| 974 |
|
|
|d 961213
|a Čr
|
| 992 |
|
|
|a RBX
|
| BAS |
|
|
|
| 852 |
|
|
|a SVKKK
|b BIB
|
| 998 |
|
|
|a REG
|